HiCat, HiperCatalunya : territorios de investigación : estrategias multicapa /

Збережено в:
Бібліографічні деталі
Співавтор: HiperCatalunya: territorios de investigación ( Barcelona, España)
Інші автори: Gausa, Manuel (curaduría) (curaduría), Guallart, Vicente (curaduría) (curaduría), Müller, Willy (curaduría) (curaduría)
Формат: Матеріали конференцій Книга
Мова:Іспанська
Опубліковано: Barcelona, España : Metapolis : Institut d'Arquitectura Avançada de Catalunya : Generalitat de Catalunya, 2003, c2003
Предмети:
Теги: Додати тег
Немає тегів, Будьте першим, хто поставить тег для цього запису!

MARC

LEADER 00000nam^a2200000^a^4500
001 000178578
005 20250521000000.0
009 20260310101753.077
020 |a 84-95951-39-8 
037 |a Acervo ITESO - Biblioteca 
041 |a ESP 
082 |a 711. 409467  |b HIP V. 2 
111 |a HiperCatalunya: territorios de investigación (  |d 2003 :  |c Barcelona, España) 
240 1 1 |a [HiCat, HiperCatalunya] 
245 1 0 |a HiCat, HiperCatalunya :  |b territorios de investigación : estrategias multicapa /  |c Curaduría de M. Gausa, V. Guallart, W. Müller. 
246 2 |a Título en la cubierta: Estrategia multicapa niveles 01, 02, 03 : prospecciones y propuestas 
264 4 |a Barcelona, España :  |b Metapolis :  |b Institut d'Arquitectura Avançada de Catalunya :  |b Generalitat de Catalunya,  |c 2003, c2003 
300 |a 703 p. +  |e 1 DVD sin dato de región (sin dato de duración) 
336 |a texto  |b txt  |2 rdacontenido 
337 |a sin mediación  |b n  |2 rdamedio 
338 |a volumen  |b nc  |2 rdasoporte 
649 |a XX 
650 |a Diseño Urbano -  |z Cataluña, España -  |x Exposiciones 
650 |a Diseño Urbano -  |z España -  |x Exposiciones 
650 |a Desarrollo Urbano -  |z Cataluña, España 
650 |a Desarrollo Urbano -  |z España 
650 |a Desarrollo Económico-Social -  |z Cataluña, España 
650 |a Desarrollo Económico-Social -  |z España 
650 |a Desarrollo Económico-Social -  |z Cataluña, España 
650 |a Desarrollo Económico-Social -  |z España 
650 |a Desarrollo Sustentable -  |z Cataluña, España 
650 |a Desarrollo Sustentable -  |z España 
650 |a Planeación Urbana -  |z Cataluña, España 
650 |a Planeación Urbana -  |z España 
650 |a Diversidad Cultural -  |z Cataluña, España 
650 |a Diversidad Cultural -  |z España 
650 |a Relaciones Interculturales -  |z Cataluña, España 
650 |a Relaciones Interculturales -  |z España 
650 |a Interacción Social -  |z Cataluña, España 
650 |a Interacción Social -  |z España 
650 |a Arquitectura y Sociedad -  |z Barcelona, España 
650 |a Arquitectura y Sociedad -  |z España 
650 |a Urbanismo -  |z Barcelona, España -  |x Exposiciones 
650 |a Urbanismo -  |z España -  |x Exposiciones 
700 |a Gausa, Manuel  |e (curaduría) 
700 |a Guallart, Vicente  |e (curaduría) 
700 |a Müller, Willy  |e (curaduría) 
910 |a Fondo General 
920 |a Impresos - Libros 
930 |a Reserva Especial 
905 |a 103 
901 |a 0500117641  |b IT1  |c REE  |u 20250521 
901 |a DVD0001348  |b IT2  |c DVR  |u 20250521 
902 |a https://opac.biblio.iteso.mx/vufind/Record/000178578